000 00574nam a2200277Ia 4500
005 20260401122305.0
008 008 250103s9999 xx 000 0 eng d
020 _a856675822
037 _aTB
040 _aEDL
040 _beng
040 _cEDL
041 _2eng
041 _aeng
084 _a709.2 BAR
084 _qEDL
245 0 _aReading Vasari
260 _aAthens
260 _bPhilip Wilson Publishers
260 _c2005
300 _a296p
942 _cTB
942 _h709.2 BAR
999 _c1846271
_d1846271